000 00677nam a2200181Ia 4500
001 14887
003 GE_BSU
008 181216s||||||||xx |||||||||||||| ||und||
040 _cGE_BSU
080 _a517.5(035)
100 _aБейтмен,Г. Эрдейи, А.
245 _aВысшие трансцендентные функции. Гипергеометрическая функция. Функции Лежандра
260 _aМосква
260 _c1974
300 _a295стр.22см.
653 _aВысшие трансцендентные функции. Гипергеометрическая функция. Функции Лежандра
942 _cBK
999 _c48007
_d48007